| 000 | 01191nam0a2200301 4500 | ||
|---|---|---|---|
| 001 | RU\NLR\bibl\1146254 | ||
| 005 | 20250615075112.0 | ||
| 010 |
_a5-17-015520-4 _93000 |
||
| 021 |
_aRU _b2007-64831 _93463 |
||
| 035 | _a(NLR Aleph) 001133074 | ||
| 090 |
_a1370242 _c1370242 |
||
| 100 | _a20071026d2006 |||y0rusy50 ca | ||
| 101 | 0 | _arus | |
| 102 |
_aRU _aUA |
||
| 105 | _aa ||||||||| | ||
| 200 | 1 |
_aКанарейки _e[корма и кормление, содержание, разведение и уход, болезни, обустройство клетки] _fИ.А. Шпакович |
|
| 210 |
_aМосква _cАСТ _aДонецк _cСталкер _d2006 |
||
| 215 |
_a61,[2] с. _cил. _d20 |
||
| 225 | 1 | _aВ вашем доме | |
| 300 | _aНа обл. авт. не указан | ||
| 320 | _aБиблиогр. в конце кн. | ||
| 606 | 1 |
_aКанарейки _jПопулярные издания _xСодержание в неволе _91251873 _3RU\NLR\auth\66512585 |
|
| 686 | _aП687я9 | ||
| 700 | 1 |
_aШпакович _bИ. А. _gИрина Александровна _4070 |
|
| 801 | 0 |
_aRU _bNLR _c20071026 _gRCR |
|
| 801 | 1 |
_aRU _bNLR _c20071026 |
|
| 942 | _cBOOK | ||
| 980 | _aNB | ||